Special report on call centres and serviced offices (Record no. 68488)
[ view plain ]
| 000 -LEADER | |
|---|---|
| fixed length control field | 01099cam a2200217 4500 |
| 001 - CONTROL NUMBER | |
| control field | ABS64495 |
| 008 - FIXED-LENGTH DATA ELEMENTS--GENERAL INFORMATION | |
| fixed length control field | 011004n2001 000 0 eng u |
| 035 ## - SYSTEM CONTROL NUMBER | |
| System control number | (Sirsi) u115007 |
| 245 ## - TITLE STATEMENT | |
| Title | Special report on call centres and serviced offices |
| 260 ## - PUBLICATION, DISTRIBUTION, ETC. | |
| Date of publication, distribution, etc. | 2001 |
| 490 ## - SERIES STATEMENT | |
| Series statement | Property Week |
| Volume/sequential designation | 66(39) 28 September 2001, 45-58(8) |
| 520 ## - SUMMARY, ETC. | |
| Summary, etc. | Among the issues considered in this special report are the state of the serviced office market. While there has been a downturn in the south-east, discusses activities in other parts of the UK where this downturn has been less pronounced. Includes a discussion of the reasons why funds are currently reluctant to invest in call centres. Also looks at the growing trend among international corporations to relocate their support operations to India. Considers whether this development could spell the end for Britain's booming call centre market. |
| 590 ## - LOCAL NOTE (RLIN) | |
| Local note | ABS |
| 650 ## - SUBJECT ADDED ENTRY--TOPICAL TERM | |
| Topical term or geographic name entry element | SERVICED OFFICES |
| 650 ## - SUBJECT ADDED ENTRY--TOPICAL TERM | |
| Topical term or geographic name entry element | CALL CENTRES |
| 650 ## - SUBJECT ADDED ENTRY--TOPICAL TERM | |
| Topical term or geographic name entry element | MARKET |
| 650 ## - SUBJECT ADDED ENTRY--TOPICAL TERM | |
| Topical term or geographic name entry element | INVESTORS |
| 650 ## - SUBJECT ADDED ENTRY--TOPICAL TERM | |
| Topical term or geographic name entry element | INDIA |
| 690 ## - LOCAL SUBJECT ADDED ENTRY--TOPICAL TERM (OCLC, RLIN) | |
| Topical term or geographic name as entry element | PROPERTY-COMMERCIAL PROPERTY |
| 942 ## - ADDED ENTRY ELEMENTS (KOHA) | |
| Suppress in OPAC | 0 |
| Withdrawn status | Lost status | Source of classification or shelving scheme | Damaged status | Not for loan | Home library | Current library | Shelving location | Date acquired | Total Checkouts | Full call number | Barcode | Date last seen | Copy number | Price effective from | Koha item type |
|---|---|---|---|---|---|---|---|---|---|---|---|---|---|---|---|
| Dewey Decimal Classification | London | London | Journal article | 04/10/2001 | ABS64495 | 115007-1001 | 06/08/2019 | 1 | 06/08/2019 | Journal article |